[Event "Gibraltar U16 op"]
[Site "Caleta"]
[Date "2019.08.17"]
[Round "3"]
[White "Maldonado Mena, German"]
[Black "Seleznev, Egor"]
[Result "1-0"]
[WhiteElo "1850"]
[BlackElo "1590"]
[PlyCount "119"]
[EventDate "2019.08.16"]
[EventType "swiss"]
[EventRounds "6"]
[EventCountry "GGB"]
[SourceTitle "CBM 195 Extra"]
[Source "ChessBase"]
[SourceDate "2020.05.31"]
[SourceVersion "1"]
[SourceVersionDate "2020.05.31"]
[SourceQuality "1"]

1. d4 d5 2. c4 e6 3. Nc3 Nf6 4. cxd5 exd5 5. Bg5 Nbd7 6. Qc2 c6 7. e3 Be7 8. Bd3 0-0 9. Nf3 Re8 10. 0-0 Nf8 11. Ne5 Ng6 12. f4 Ng4 13. Bxe7 Qxe7 14. Qe2 N6xe5 15. fxe5 Be6 16. Rf4 f6 17. Rxg4 Bxg4 18. Qxg4 fxe5 19. Qh5 e4 20. Be2 Rad8 21. h4 Rd6 22. Qg5 Qxg5 23. hxg5 h6 24. g6 Rb8 25. Bh5 b6 26. b4 b5 27. a4 a5 28. bxa5 b4 29. Rb1 Rdd8 30. Na2 b3 31. Nc3 Rb4 32. Rb2 Ra8 33. Bd1 Rxa5 34. Rxb3 Rxb3 35. Bxb3 Kf8 36. Kf2 Ke7 37. Kg3 Kd6 38. Kf4 Ra8 39. Bd1 Rb8 40. Kg3 Rb4 41. a5 c5 42. a6 Rb8 43. dxc5+ Kxc5 44. Be2 Ra8 45. Kf4 Rf8+ 46. Ke5 Re8+ 47. Kf5 Ra8 48. Ke6 d4 49. Nxe4+ Kb4 50. exd4 Ra7 51. d5 Ka5 52. d6 Kb6 53. d7 Kc7 54. Nd6 Ra8 55. Nf7 Rb8 56. d8Q+ Rxd8 57. Nxd8 Kxd8 58. Kd6 Kc8 59. Kc6 Kb8 60. Kb6 1-0

[Event "Gibraltar U16 op"]
[Site "Caleta"]
[Date "2019.08.16"]
[Round "1"]
[White "Revaliente Montoya, Ciro"]
[Black "Seleznev, Egor"]
[Result "1-0"]
[WhiteElo "2006"]
[BlackElo "1590"]
[PlyCount "87"]
[EventDate "2019.08.16"]
[EventType "swiss"]
[EventRounds "6"]
[EventCountry "GGB"]
[SourceTitle "CBM 195 Extra"]
[Source "ChessBase"]
[SourceDate "2020.05.31"]
[SourceVersion "1"]
[SourceVersionDate "2020.05.31"]
[SourceQuality "1"]

1. e4 e5 2. Nf3 Nc6 3. d4 exd4 4. Nxd4 Nf6 5. Nxc6 bxc6 6. Qe2 Qe7 7. Nc3 g6 8. Bg5 d6 9. e5 dxe5 10. Qf3 Bg7 11. Qxc6+ Qd7 12. Qxa8 0-0 13. Bxf6 Bxf6 14. Qd5 Qe7 15. 0-0-0 Be6 16. Qb5 c6 17. Qxc6 Rc8 18. Qd6 Bg5+ 19. Kb1 Qf6 20. Ba6 Rd8 21. Qxd8+ Qxd8 22. Rxd8+ Bxd8 23. Rd1 Bb6 24. f3 h5 25. Ne4 Kg7 26. c4 Bf5 27. Rd5 f6 28. c5 Bc7 29. Kc1 Be6 30. Rd3 f5 31. Ng5 Kf6 32. Nxe6 Kxe6 33. Bc8+ Kf6 34. Rd7 Ba5 35. Rxa7 Bd8 36. c6 g5 37. c7 Bxc7 38. Rxc7 g4 39. a4 Kg5 40. a5 Kf4 41. Rf7 gxf3 42. Rxf5+ Ke3 43. Rxf3+ Ke2 44. Ba6+ 1-0